000 00497cam a2200205ua 4500
001 5339
005 20260515113852.0
008 120821n ii |||gr||||Z||||||asm
040 _cMAIN
082 _a891.4513
100 _aDutta, Mukut,
_eAuthor.
245 1 _aParibrajak
_cby Mukut Dutta
250 _a1st.
260 _aMargherita:
_bJewel Ali,
_c2012.
300 _a116p.
653 _aAssamese literature
653 _aAssamese short stories
653 _aAsomiya suti golpo
942 _cBK
999 _c4516
_d4516